|
|
|
|
| LEADER |
00987nam a2200277 a 4500 |
| 001 |
2853 |
| 003 |
BD-DhAAL |
| 005 |
20150304092145.0 |
| 008 |
150304s1994 nyuab 000 0 eng |
| 010 |
|
|
|a 94003123
|
| 020 |
|
|
|a 0151000808 :
|c $24.95 ($34.95 Can.)
|
| 040 |
|
|
|a DLC
|c DLC
|d DLC
|d BD-DhAAL
|
| 050 |
0 |
0 |
|a QH81
|b .N315 1994
|
| 082 |
0 |
0 |
|a 508
|2 20
|
| 245 |
0 |
4 |
|a The Nature of nature :
|b new essays from America's finest writers on nature /
|c edited by William H. Shore.
|
| 250 |
|
|
|a 1st ed.
|
| 260 |
|
|
|a New York :
|b Harcourt Brace,
|c c1994.
|
| 300 |
|
|
|a xii, 298 p. :
|b ill., maps ;
|c 24 cm.
|
| 541 |
|
|
|e 2853
|
| 650 |
|
0 |
|a Natural history.
|9 8991
|
| 650 |
|
0 |
|a Human ecology.
|9 5681
|
| 650 |
|
0 |
|a Nature study.
|9 8992
|
| 700 |
1 |
|
|a Shore, William H.
|9 8993
|
| 942 |
|
|
|2 ddc
|c BK
|
| 999 |
|
|
|c 33862
|d 33862
|
| 952 |
|
|
|0 0
|1 0
|2 ddc
|4 0
|6 508_000000000000000_NUT
|7 0
|9 52857
|a SCL
|b SCL
|c GEN
|d 2015-03-04
|e Gift: The Asia Foundation
|l 1
|m 2
|o 508 NUT
|p 3020002853
|r 2018-04-07
|s 2018-03-11
|t 1
|w 2015-03-04
|y BK
|